书目信息 |
| 题名: |
动机论
|
|
| 作者: | 张爱卿 | |
| 分册: | ||
| 出版信息: | 武昌 华中师范大学 1997 |
|
| 页数: | 290页 | |
| 开本: | 20cm | |
| 丛书名: | ||
| 单 册: | ||
| 中图分类: | B84-05 | |
| 科图分类: | ||
| 主题词: | 心理学 | |
| 电子资源: | ||
| ISBN: | 7-5622-2015-8 | |
| 000 | 00480nam0 2200181 450 | |
| 001 | 0753865015 | |
| 005 | 20070818145745.01 | |
| 010 | @a7-5622-2015-8@d¥18.00 | |
| 100 | @a20070818d km y0chiy0120 ea | |
| 101 | 0 | @achi |
| 200 | 1 | @a动机论@Adong ji lun@f张爱卿@Fzhang ai qing |
| 210 | @a武昌@c华中师范大学@d1997 | |
| 215 | @a290页@d20cm | |
| 606 | 0 | @a心理学 |
| 690 | @aB84-05@v3 | |
| 701 | 0 | @a张爱卿@Azhang ai qing |
| 801 | 0 | @aCN@bPFT@c20070818 |
| 905 | @a213230@dB84-05@ee191@f1 | |
| 动机论/张爱卿.-武昌:华中师范大学,1997 |
| 290页;20cm |
| ISBN 7-5622-2015-8:¥18.00 |
| ● |
| 相关链接 |
|
|
|
|
正题名:动机论
索取号:B84-05/e191
 
预约/预借
| 序号 | 登录号 | 条形码 | 馆藏地/架位号 | 状态 | 备注 |
| 1 | 6300280 | 263002805 | 教育系资料室/ [索取号:B84-05/e191] | 在馆 |